| 000 | 00581nam a2200205Ia 4500 | ||
|---|---|---|---|
| 005 | 20231206092000.0 | ||
| 008 | 140110s9999 xx 000 0 und d | ||
| 020 |
_a9788120332829 _cRs 395 |
||
| 040 | _aLoreto College | ||
| 041 | _aEnglish | ||
| 082 |
_a327.06 _bBAN |
||
| 100 | _aBanerjee, Ajit M | ||
| 245 |
_aReinventing the United Nations _cAjit M Banerjee, Murari R Sharma |
||
| 260 |
_aNew Delhi _bPrentice-Hall of India Pvt Ltd _c2007 |
||
| 300 | _axvi,388p | ||
| 650 | _aUnited Nations Organization | ||
| 700 | _aSharma, Murari R. | ||
| 850 | _aLCLIB | ||
| 942 | _cBK | ||
| 999 |
_c20089 _d70568 |
||